Worst Cars Ever Made Quiz Stats

Quiz not verified by Sporcle

Challenge
Share
Tweet
Score 0/10 Timer 05:00
0 Plays Today
% Correct
1947 Davis D-2 Divan
87.3%
Overland Octoauto
85.4%
1975 AMC Pacer
85.2%
1958 Zundapp Janus
81.7%
Suzuki Samurai
78.8%
Plymouth Prowler
76.6%
1998 Fiat Multipla
61.3%
2004 Chevy SSR
61%
Pontiac Aztek
57.9%
Lincoln Blackwood
49.8%

You're not logged in!

Compare scores with friends on all Sporcle quizzes.
Sign Up with Email
OR
Log In

You Might Also Like...

Show Comments

Extras

Top Quizzes Today


Score Distribution

Your Account Isn't Verified!

In order to create a playlist on Sporcle, you need to verify the email address you used during registration. Go to your Sporcle Settings to finish the process.

Report this User

Report this user for behavior that violates our Community Guidelines.

Details: